Países más Cercanos a Chile - Estadísticas

Estadísticas generales
  • Esta prueba ha sido intentada 414 veces
  • La puntuación promedio es 16 de 20
Estadísticas de respuestas
km país % Correcto
0 Perú
100%
0 Argentina
99%
0 Bolivia
99%
928 Brasil
99%
1487 Colombia
98%
457 Paraguay
98%
1088 Uruguay
98%
2069 Venezuela
98%
1746 Ecuador
97%
2391 Guyana
93%
2913 Panamá
91%
2595 Surinam
91%
3212 Costa Rica
83%
3525 Nicaragua
74%
3186 Trinidad y Tobago
63%
3472 San Vicente y las Granadinas
52%
3399 Granada
50%
3580 Barbados
48%
3339 Aruba
28%
3298 Curazao
23%
No se encontraron pruebas coincidentes
Distribución de puntuación
Porcentaje de gente con cada puntuación
Porcentaje por número respondido
Historial de tus puntuaciones
No has intentado esta prueba.